00475nam a2200181 a 4500001001300000003000900013005001700022008004100039020002300080082001500103100002100118245002500139260003900164300000900203500003500212650002500247700002100272nice12345678IN_TiNIC20260116015345.0100421s2001 newa grp 000 0 eng  a0971311706 c90000a923.5bLAL aLal, Anand Mohan aCelebration of Youth aNewyork bEarth Times Books c2001 a186p aincludes index and biblioraphy aBio-Militory Persons1 aLal, Anand Mohan